| 000 | 00781cab a2200217 4500 | ||
|---|---|---|---|
| 001 | ABS49273 | ||
| 008 | 090401t1993 xxu||||| |||| 00| 0 eng d | ||
| 035 | _a(Sirsi) u70661 | ||
| 041 | _aeng | ||
| 245 | _aOpening up old wounds | ||
| 260 | _c1993 | ||
| 350 | _a0 | ||
| 490 |
_aConstruction News _v(6331) 9 September 1993, 29(1) |
||
| 520 | _aConsiders some implications of the "Linden Gardens Trust v Lenesta Sludge Disposals" and "St Martins Property Co-operation Ltd v Sir Robert McAlpine & Sons Ltd" HL decisions for the law of liability for building defects. | ||
| 650 | _aASSIGNMENT | ||
| 650 | _aBUILT ENVIRONMENT-BUILDING CONTRACT FORMS | ||
| 650 | _aBUILDING DEFECTS | ||
| 690 | _aBUILT ENVIRONMENT-BUILDING CONTRACT FORMS | ||
| 942 | _n0 | ||
| 948 | _c04/03/1997 | ||
| 999 |
_c44465 _d44465 |
||